Statistics for Taylor Swift - I Bet You Think About Me (Ft. Chris Stapleton) Lyrics

Click here to take the quiz!

General Stats

  • This quiz has been taken 57 times
  • The average score is 360 of 425

Answer Stats

Answer% Correct
I
100%
a
97%
about
97%
an
97%
be
97%
bet
97%
me"
97%
me
97%
think
97%
You
97%
you
97%
and
95%
And
95%
in
95%
we
95%
When
92%
when
92%
Yeah
92%
yeah
92%
your
92%
it
89%
she
89%
she's
89%
shoes
89%
The
89%
the
89%
to
89%
you're
89%
go?"
87%
Just
87%
just
87%
my
87%
"Oh
87%
Oh
87%
say
87%
so
87%
was
87%
Was
87%
were
87%
we're
87%
who
87%
bed
84%
better
84%
But
84%
Do
84%
fine
84%
for
84%
girl
84%
had?
84%
I'm
84%
Is
84%
love
84%
no
84%
of
84%
on
84%
than
84%
That
84%
that
84%
they
84%
too
84%
With
84%
with
84%
3
82%
AM
82%
asleep
82%
Fast
82%
free
82%
I'll
82%
insane
82%
it's
82%
let
82%
still
82%
tell
82%
up
82%
you'll
82%
believe
79%
can't
79%
farm
79%
friends
79%
god
79%
grew
79%
hadn't
79%
has
79%
heard
79%
house
79%
mine
79%
out
79%
raised
79%
silver
79%
talkin'
79%
all
76%
At
76%
at
76%
awake
76%
back
76%
book
76%
city
76%
community
76%
couldn't
76%
done
76%
fall
76%
gated
76%
happy
76%
have
76%
help
76%
kitchen
76%
know
76%
life
76%
lookin'
76%
make
76%
mansion
76%
meaning
76%
million
76%
never
76%
now
76%
Now
76%
over
76%
pedigree
76%
said
76%
sit
76%
spoon
76%
that's
76%
wasn't
76%
what
76%
"Why
76%
wrote
76%
Beverly
74%
couch
74%
did
74%
dollar
74%
don't
74%
early
74%
fell
74%
forget
74%
hard
74%
harder
74%
her
74%
Hills
74%
leave
74%
like
74%
livin'
74%
old
74%
room
74%
snow
74%
song
74%
spring
74%
table
74%
around
71%
bills
71%
'cause
71%
dancin'
71%
different
71%
'em
71%
get
71%
not
71%
saved
71%
searchin'
71%
time
71%
world
71%
concerts
68%
dreams
68%
every
68%
eyes
68%
feel
68%
fit
68%
indie
68%
jokes
68%
laughed
68%
music
68%
organic
68%
rolled
68%
Scared
68%
scared
68%
shiny
68%
shit
68%
Thinkin'
68%
upper
68%
week
68%
yes
68%
bright
66%
circles
66%
mattered
66%
none
66%
reality
66%
sad
66%
soul
66%
tried
66%
Well
66%
cool
63%
crept
63%
Does
63%
felt
63%
hip
63%
realized
63%
Superior
63%
crust
61%
last
61%
Mr.
61%
need?
61%
shrink
61%
turned
61%
block
58%
Chasing
58%
Glamorous
58%
space
58%
loud
55%
status
55%
voices
55%
huh
53%
sayin'
53%

Score Distribution

Percentile by Number Answered

Percent of People with Each Score

Your Score History

You have not taken this quiz